[Event "Recife PE23 Gr B"]
[Site "Recife"]
[Date "2023.04.09"]
[Round "6"]
[White "Batista, Davi de Azevedo"]
[Black "Ferreira, Enzo Suzarte"]
[Result "0-1"]
[WhiteElo "1874"]
[BlackElo "1882"]
[PlyCount "78"]
[EventDate "2023.04.06"]
[EventType "tourn"]
[EventRounds "7"]
[EventCountry "BRA"]
[SourceTitle "EXT 2024"]
[Source "ChessBase"]
[SourceDate "2023.10.10"]
[SourceVersion "1"]
[SourceVersionDate "2023.10.10"]
[SourceQuality "1"]

1. c4 e5 2. Nc3 Nf6 3. g3 c6 4. Bg2 d5 5. cxd5 cxd5 6. d3 d4 7. Ne4 Nxe4 8. Bxe4 f5 9. Bg2 Nc6 10. e3 dxe3 11. Bxc6+ bxc6 12. Bxe3 Bb4+ 13. Kf1 Ba6 14. Qa4 Qxd3+ 15. Kg2 Qd5+ 16. f3 Qb5 17. Qb3 Qc4 18. Qxc4 Bxc4 19. Nh3 0-0 20. Rhd1 Bd5 21. a3 Bd6 22. Bd2 e4 23. fxe4 Bxe4+ 24. Kf2 Rfd8 25. Rac1 Rab8 26. b4 h6 27. Be3 a6 28. Ke2 g5 29. Nf2 Bd5 30. Nd3 Re8 31. Rf1 Be4 32. Kd2 Rbd8 33. Rc3 Be5 34. Rb3 Bd5 35. Nxe5 Bxb3+ 36. Kc3 Rxe5 37. Bb6 Rd1 38. Rf2 Be6 39. Bd4 Rxd4 0-1

[Event "Recife PE23 Gr B"]
[Site "Recife"]
[Date "2023.04.09"]
[Round "7"]
[White "Ferreira, Enzo Suzarte"]
[Black "Barioni, Daniel Rossiter"]
[Result "1-0"]
[WhiteElo "1882"]
[BlackElo "1829"]
[PlyCount "101"]
[EventDate "2023.04.06"]
[EventType "tourn"]
[EventRounds "7"]
[EventCountry "BRA"]
[SourceTitle "EXT 2024"]
[Source "ChessBase"]
[SourceDate "2023.10.10"]
[SourceVersion "1"]
[SourceVersionDate "2023.10.10"]
[SourceQuality "1"]

1. e4 e6 2. d4 d5 3. Nd2 dxe4 4. Nxe4 Nd7 5. Bd3 Ngf6 6. Nf3 Be7 7. Qe2 Nxe4 8. Bxe4 Nf6 9. Bd3 0-0 10. Bg5 Nd5 11. h4 h6 12. Bd2 c5 13. dxc5 Bxc5 14. 0-0-0 Qc7 15. Ne5 Bd6 16. Rde1 Bxe5 17. Qxe5 Qxe5 18. Rxe5 Bd7 19. g4 f6 20. Ree1 Kf7 21. f4 Rac8 22. h5 Ke7 23. Kb1 b5 24. Rh3 Kd6 25. Be4 Rfe8 26. Ra3 Rc7 27. Rd3 Bc6 28. f5 Kc5 29. b4+ Nxb4 30. Be3+ Kc4 31. Rd4+ Kc3 32. a3 Bxe4 33. Rxb4 Bxc2+ 34. Kc1 exf5 35. Bd4+ Kd3 36. Rxe8 Ba4+ 37. Kb1 a5 38. Re3+ Kd2 39. Rb2+ Bc2+ 40. Ka1 Rc4 41. Rg3 Rxd4 42. Rg2+ Kd3 43. Rbxc2 fxg4 44. Rcd2+ Ke3 45. Rxd4 Kxd4 46. Rxg4+ Ke3 47. Rxg7 f5 48. Rg6 f4 49. Rxh6 Ke4 50. Rf6 Ke5 51. Rf8 1-0

[Event "Recife PE23 Gr B"]
[Site "Recife"]
[Date "2023.04.07"]
[Round "2"]
[White "Acioli, Luyse Victoria Gome"]
[Black "Ferreira, Enzo Suzarte"]
[Result "0-1"]
[WhiteElo "1684"]
[BlackElo "1882"]
[PlyCount "118"]
[EventDate "2023.04.06"]
[EventType "tourn"]
[EventRounds "7"]
[EventCountry "BRA"]
[SourceTitle "EXT 2024"]
[Source "ChessBase"]
[SourceDate "2023.10.10"]
[SourceVersion "1"]
[SourceVersionDate "2023.10.10"]
[SourceQuality "1"]

1. d4 Nf6 2. c4 e5 3. dxe5 Ng4 4. e3 Nxe5 5. Nc3 Nbc6 6. Be2 Bc5 7. Nf3 0-0 8. a3 a5 9. 0-0 Nxf3+ 10. Bxf3 Ne5 11. Be2 Ra6 12. Nd5 Re8 13. Bd2 c6 14. Nf4 a4 15. Bc3 Qe7 16. Re1 d6 17. Qc2 Ng4 18. Bxg4 Bxg4 19. h3 Bd7 20. Bd4 Qg5 21. Bxc5 Qxc5 22. Qc3 Rb6 23. Re2 Rb3 24. Qc2 Be6 25. Rc1 h6 26. Kh1 Qf5 27. Qxf5 Bxf5 28. Rd2 Rd8 29. Ne2 Be6 30. Nd4 Rb6 31. Nxe6 fxe6 32. c5 Rb5 33. Rxd6 Rxd6 34. cxd6 Rd5 35. Rc4 Rxd6 36. Rxa4 Rd2 37. Rb4 b5 38. Kg1 Kf7 39. g4 Kf6 40. Kg2 Ke5 41. Kf3 Kd5 42. e4+ Kc5 43. Ke3 Rc2 44. h4 Kb6 45. g5 Ka5 46. f4 Rh2 47. f5 hxg5 48. hxg5 c5 49. Rb3 Rh3+ 50. Kf4 Rxb3 51. f6 gxf6 52. gxf6 Rxb2 53. Ke5 Kb6 54. Kxe6 Kc7 55. e5 Kd8 56. Kf7 Re2 57. e6 Re3 58. e7+ Kd7 59. Kg8 Rxe7 0-1

[Event "Recife PE23 Gr B"]
[Site "Recife"]
[Date "2023.04.06"]
[Round "1"]
[White "Ferreira, Enzo Suzarte"]
[Black "Marques, Eudes Pinto"]
[Result "1-0"]
[WhiteElo "1882"]
[BlackElo "1871"]
[PlyCount "55"]
[EventDate "2023.04.06"]
[EventType "tourn"]
[EventRounds "7"]
[EventCountry "BRA"]
[SourceTitle "EXT 2024"]
[Source "ChessBase"]
[SourceDate "2023.10.10"]
[SourceVersion "1"]
[SourceVersionDate "2023.10.10"]
[SourceQuality "1"]

1. e4 c5 2. Nf3 d6 3. d4 cxd4 4. Nxd4 Nf6 5. Nc3 e6 6. Bg5 Be7 7. Qd2 Nbd7 8. 0-0-0 a6 9. f3 Qc7 10. g4 Ne5 11. Kb1 Bd7 12. Be3 h6 13. h4 0-0-0 14. Nb3 Bc6 15. Qf2 Ned7 16. Be2 Nc5 17. Nxc5 dxc5 18. Bxc5 Rxd1+ 19. Rxd1 Bxc5 20. Qxc5 Nd7 21. Qd6 Qxd6 22. Rxd6 Kc7 23. Rd1 Rf8 24. f4 b5 25. a3 Nc5 26. Bd3 Rd8 27. Kc1 Rd4 28. b4 1-0

[Event "BRA-ch 88th"]
[Site "Recife"]
[Date "2022.12.16"]
[Round "2"]
[White "Ferreira, Enzo Suzarte"]
[Black "Soares, Alberto M Colares"]
[Result "1-0"]
[WhiteElo "1855"]
[BlackElo "2123"]
[PlyCount "71"]
[EventDate "2022.12.15"]
[EventType "swiss"]
[EventRounds "11"]
[EventCountry "BRA"]
[SourceTitle "CBM 212 Extra"]
[Source "ChessBase"]
[SourceDate "2023.03.31"]
[SourceVersion "1"]
[SourceVersionDate "2023.03.31"]
[SourceQuality "1"]

1. e4 d6 2. d4 g6 3. f4 Bg7 4. Nc3 Nc6 5. Be3 Nf6 6. Nf3 Ng4 7. Bg1 0-0 8. h3 Nf6 9. Be3 Nh5 10. g4 Ng3 11. Rg1 Nxf1 12. Rxf1 b5 13. d5 Na5 14. Bd4 c5 15. dxc6 Nxc6 16. Bxg7 Kxg7 17. Qd5 Qb6 18. 0-0-0 Be6 19. Qd2 Bc4 20. Rfe1 Qa6 21. Nd5 Qxa2 22. Qc3+ f6 23. b3 Qa3+ 24. Qb2 Qxb2+ 25. Kxb2 Bxd5 26. exd5 Nd8 27. Rxe7+ Rf7 28. Rde1 Rxe7 29. Rxe7+ Nf7 30. Nd4 b4 31. Nb5 Kf8 32. Rxa7 Re8 33. Rxf7+ Kxf7 34. Nxd6+ Ke7 35. Nxe8 Kxe8 36. c4 1-0

[Event "Joao Pessoa de Assis Memorial 2nd"]
[Site "Joao Pessoa"]
[Date "2022.10.23"]
[Round "6"]
[White "Ferreira, Enzo Suzarte"]
[Black "Da Silva Junior, Emanuel Tavares"]
[Result "1-0"]
[WhiteElo "1898"]
[BlackElo "1465"]
[PlyCount "47"]
[EventDate "2022.10.21"]
[EventType "swiss"]
[EventRounds "6"]
[EventCountry "BRA"]
[SourceTitle "CBM 210 Extra"]
[Source "ChessBase"]
[SourceDate "2022.11.30"]
[SourceVersion "1"]
[SourceVersionDate "2022.11.30"]
[SourceQuality "1"]

1. e4 d6 2. d4 g6 3. Nf3 Bg7 4. Be3 c5 5. Nc3 cxd4 6. Nxd4 Nf6 7. Be2 0-0 8. 0-0 Nbd7 9. Qd2 b6 10. a4 Bb7 11. f3 a6 12. Bh6 Rc8 13. Bxg7 Kxg7 14. Rae1 Qc7 15. Kh1 d5 16. exd5 Nxd5 17. Nxd5 Bxd5 18. Bxa6 Rce8 19. Nf5+ gxf5 20. Qxd5 e6 21. Qd4+ Kg6 22. g4 f4 23. Bd3+ Kh6 24. g5+ 1-0

[Event "Joao Pessoa de Assis Memorial 2nd"]
[Site "Joao Pessoa"]
[Date "2022.10.22"]
[Round "3"]
[White "Espinola, Jose Mario"]
[Black "Ferreira, Enzo Suzarte"]
[Result "0-1"]
[WhiteElo "1587"]
[BlackElo "1898"]
[PlyCount "55"]
[EventDate "2022.10.21"]
[EventType "swiss"]
[EventRounds "6"]
[EventCountry "BRA"]
[SourceTitle "CBM 210 Extra"]
[Source "ChessBase"]
[SourceDate "2022.11.30"]
[SourceVersion "1"]
[SourceVersionDate "2022.11.30"]
[SourceQuality "1"]

1. d4 Nf6 2. c4 g6 3. Nc3 d5 4. Bg5 Ne4 5. Nxe4 dxe4 6. e3 Bg7 7. Bf4 0-0 8. h4 c5 9. Ne2 Nc6 10. d5 Bxb2 11. Rb1 Nb4 12. Nc1 Bc3+ 13. Ke2 Bg4+ 14. f3 Bf5 15. Rb3 exf3+ 16. gxf3 Bc2 17. Qxc2 Nxc2 18. Rxc3 Nb4 19. a3 Na6 20. Nb3 Re8 21. Kf2 e6 22. Rd3 exd5 23. Rxd5 Qb6 24. Rd3 Rad8 25. Rc3 Qf6 26. Rc2 Rd7 27. Rh2 Rb8 28. Nc1 0-1

[Event "Natal zt 2.4"]
[Site "Natal"]
[Date "2022.10.07"]
[Round "8"]
[White "Ferreira, Enzo Suzarte"]
[Black "Jordao Barbosa, Marcio Ferre"]
[Result "1-0"]
[WhiteElo "1898"]
[BlackElo "2114"]
[PlyCount "77"]
[EventDate "2022.10.03"]
[EventType "swiss"]
[EventRounds "9"]
[EventCountry "BRA"]
[SourceTitle "EXT 2024"]
[Source "ChessBase"]
[SourceDate "2023.10.10"]
[SourceVersion "1"]
[SourceVersionDate "2023.10.10"]
[SourceQuality "1"]

1. e4 e6 2. d4 d5 3. Nd2 c5 4. Ngf3 Nf6 5. e5 Nfd7 6. c3 Nc6 7. Bd3 g5 8. h3 h5 9. Nf1 cxd4 10. cxd4 Qb6 11. Qa4 Bb4+ 12. Kd1 Be7 13. Bd2 Rg8 14. g4 h4 15. Rb1 f6 16. exf6 Bxf6 17. Be3 a6 18. N1d2 Qa7 19. Qa3 Nf8 20. Qc3 Bd7 21. Nb3 Rc8 22. Qd2 Kd8 23. Nxg5 Nxd4 24. Bh7 Rg7 25. Nxd4 b6 26. Bc2 e5 27. Ngf3 exd4 28. Nxd4 Qb7 29. Re1 Re7 30. Bg5 Rxe1+ 31. Kxe1 Be7 32. Bxe7+ Kxe7 33. Qg5+ Kf7 34. Qf4+ Kg7 35. Kf1 Re8 36. Re1 Rxe1+ 37. Kxe1 Qa8 38. Qe5+ Kg8 39. Bb3 1-0

[Event "Santo Antonio de Jesus Bahia op"]
[Site "Santo Antonio de Jesus"]
[Date "2022.07.09"]
[Round "5"]
[White "Ferreira, Enzo Suzarte"]
[Black "Nascimento, Davi da Silva"]
[Result "1-0"]
[WhiteElo "1828"]
[BlackElo "2106"]
[PlyCount "141"]
[EventDate "2022.07.07"]
[EventType "swiss"]
[EventRounds "6"]
[EventCountry "BRA"]
[SourceTitle "CBM 209 Extra"]
[Source "ChessBase"]
[SourceDate "2022.09.30"]
[SourceVersion "1"]
[SourceVersionDate "2022.09.30"]
[SourceQuality "1"]

1. e4 e6 2. d4 d5 3. Nd2 c5 4. Ngf3 Nf6 5. e5 Nfd7 6. c3 Nc6 7. Bd3 cxd4 8. cxd4 Be7 9. 0-0 0-0 10. Re1 Re8 11. Nf1 Nf8 12. Ng3 g6 13. a3 a5 14. h3 Bd7 15. Qd2 f5 16. Qh6 Qb6 17. Qe3 Nd8 18. a4 Nf7 19. Qe2 Rec8 20. h4 Qd8 21. h5 g5 22. Bd2 h6 23. b3 g4 24. Nh2 Bg5 25. Rac1 Bxd2 26. Qxd2 Qg5 27. Qxg5+ Nxg5 28. Ne2 Rxc1 29. Rxc1 Rc8 30. Rxc8 Bxc8 31. Nc3 Bd7 32. Bb5 Ne4 33. Nxe4 dxe4 34. Bxd7 Nxd7 35. Nf1 Nb8 36. Ne3 Nc6 37. Nc4 Kf8 38. g3 Ke7 39. Kf1 Kd7 40. Ke1 Nxd4 41. Nxa5 Kc7 42. Nc4 Nxb3 43. Nd6 Nd4 44. Nf7 Kd7 45. Kd1 Ke7 46. Nd6 Nc6 47. Nxb7 Nxe5 48. Ke2 Kd7 49. Ke3 Nd3 50. a5 e5 51. a6 Kc7 52. Nd6 f4+ 53. gxf4 exf4+ 54. Kxe4 Nxf2+ 55. Kxf4 Kb6 56. Nf5 Kxa6 57. Nxh6 g3 58. Kf3 Ne4 59. Nf5 g2 60. Kxg2 Nf6 61. h6 Kb6 62. Kg3 Kc6 63. Kf4 Nh7 64. Nd4+ Kd6 65. Kf5 Ke7 66. Kg6 Nf6 67. Nf5+ Ke6 68. Ng7+ Ke7 69. Nh5 Nd7 70. Kg7 Nf8 71. Nf6 1-0

[Event "Santo Antonio de Jesus Bahia op"]
[Site "Santo Antonio de Jesus"]
[Date "2022.07.09"]
[Round "4"]
[White "Santos, Anderson Guerra Dos"]
[Black "Ferreira, Enzo Suzarte"]
[Result "0-1"]
[WhiteElo "2114"]
[BlackElo "1828"]
[PlyCount "128"]
[EventDate "2022.07.07"]
[EventType "swiss"]
[EventRounds "6"]
[EventCountry "BRA"]
[SourceTitle "CBM 209 Extra"]
[Source "ChessBase"]
[SourceDate "2022.09.30"]
[SourceVersion "1"]
[SourceVersionDate "2022.09.30"]
[SourceQuality "1"]

1. e4 c5 2. Nf3 Nc6 3. Nc3 e6 4. d4 cxd4 5. Nxd4 d6 6. Be3 Nf6 7. f3 Be7 8. g4 Nxd4 9. Qxd4 e5 10. Qd2 Be6 11. g5 Nh5 12. Bb5+ Bd7 13. 0-0-0 0-0 14. Kb1 Bc6 15. Bc4 Qb8 16. Nd5 Bd8 17. Bb3 Kh8 18. Qf2 f5 19. Qh4 Be8 20. exf5 Rxf5 21. Rhf1 Nf4 22. Nxf4 exf4 23. Bxf4 Be7 24. Rfe1 Qd8 25. Qg4 Bg6 26. Rd5 Rxd5 27. Bxd5 Qa5 28. Rd1 Qc5 29. Be4 Bf7 30. Qf5 Qxf5 31. Bxf5 Rd8 32. h4 Kg8 33. Be3 b6 34. Re1 g6 35. Bg4 Kf8 36. f4 d5 37. Bd4 Bc5 38. Be5 Bf2 39. Rf1 Bc5 40. f5 Re8 41. Bc3 d4 42. Be1 Bc4 43. Rh1 Bd5 44. Rg1 d3 45. Bb4 Bxb4 46. cxd3 Re1+ 47. Rxe1 Bxe1 48. h5 Bd2 49. hxg6 hxg6 50. fxg6 Bxg5 51. Kc2 Kg7 52. Bf5 a5 53. Bd7 Kxg6 54. a4 Bf6 55. b3 Bd4 56. Bb5 Kf6 57. Be8 Ke6 58. Bh5 Kd6 59. Bd1 Kc5 60. Kb1 Kb4 61. Ka2 Kc3 62. Ka3 Bc5+ 63. Ka2 Kxd3 64. Kb2 Bd4+ 0-1

[Event "Joao Pessoa Fischer Memorial 11th"]
[Site "Joao Pessoa"]
[Date "2022.05.07"]
[Round "3"]
[White "Ferreira, Enzo Suzarte"]
[Black "Galindo, Flavio H Rocha"]
[Result "1-0"]
[WhiteElo "1754"]
[BlackElo "2068"]
[PlyCount "81"]
[EventDate "2022.05.06"]
[EventType "swiss"]
[EventRounds "6"]
[EventCountry "BRA"]
[SourceTitle "EXT 2023"]
[Source "ChessBase"]
[SourceDate "2022.10.05"]
[SourceVersion "1"]
[SourceVersionDate "2022.10.05"]
[SourceQuality "1"]

1. e4 c5 2. Nf3 Nc6 3. d4 cxd4 4. Nxd4 e5 5. Nb5 d6 6. N1c3 Nf6 7. Bg5 a6 8. Na3 b5 9. Nd5 Be7 10. Bxf6 Bxf6 11. c4 b4 12. Nc2 a5 13. g3 0-0 14. Bg2 g6 15. 0-0 Bg7 16. Qe2 Be6 17. Rfd1 Qb8 18. Rd3 Rd8 19. Rad1 Ra7 20. Qd2 Rad7 21. h4 h5 22. b3 Nd4 23. Nxd4 exd4 24. Nf4 Rc7 25. Ne2 d5 26. cxd5 Bc8 27. Nxd4 Ba6 28. Re3 Qb6 29. e5 Bc8 30. d6 Rxd6 31. exd6 Qxd6 32. Nb5 Qxd2 33. Rxd2 Rc1+ 34. Kh2 Bf5 35. Be4 Bc3 36. Rde2 Rd1 37. Bc6 Bf6 38. Nc7 Bg4 39. f3 Bf5 40. Nd5 Bd4 41. Re1 1-0